| 000 | 00889nam a22002417a 4500 | ||
|---|---|---|---|
| 005 | 20170705163001.0 | ||
| 010 | _aENG-109901 | ||
| 020 |
_c299.00 _a9789350096710 |
||
| 035 | _aEN-93434 | ||
| 035 | _aB-534679-681 | ||
| 035 | _aB-664580 | ||
| 037 | _bDBAD/PUB | ||
| 037 |
_bBSB/Ven _adpl |
||
| 082 | _aS | ||
| 100 | _aBhavna Bhavna | ||
| 245 | 0 | 0 |
_aThe diary of a reluctant feminist : _bsurvival rules for the journey from good to divorced in middle class India / _cby Bhavna Bhavna |
| 260 |
_aGurgaon _bHachette Book Publishing _c2013 |
||
| 270 |
_aPlot No.94, Sector 44 _bGurgaon _e122003 |
||
| 300 |
_a197p. _c20cm(pbk) |
||
| 942 |
_2ddc _cEN _mBHA _hS |
||
| 999 |
_c83919 _d83919 |
||